| 000 | 00600nam a2200241 a 4500 | ||
|---|---|---|---|
| 001 | nice12345678 | ||
| 003 | IN_TiNIC | ||
| 005 | 20260116011354.0 | ||
| 008 | 050524s0000 dela grp 000 0 urd | ||
| 020 |
_a _c1.5 |
||
| 082 | 0 | 0 |
_a297.1229 _bMAH |
| 100 | _aMahmood, Syed | ||
| 245 | _aAta-I- Qudsi | ||
| 260 |
_aDelhi _bMaktaba Darul Furqan _c0000 |
||
| 300 | _a104p | ||
| 500 | _aincludes index and biblioraphy | ||
| 505 | 2 | _ascn book club study project.3 | |
| 650 | _aQuran-Surah-Ayatulkursi-Hermaneutic | ||
| 700 | 1 | _aMahmood, Syed | |
| 902 | _bSRS | ||
| 942 | _cBK | ||
| 999 |
_c943 _d943 |
||